Statistics for Countries that Start with A - Picture Quiz

Click here to take the quiz!

General Stats

  • This quiz has been taken 286 times
  • The average score is 6 of 11

Answer Stats

Answer% Correct
Australia
100%
Afghanistan
63%
Austria
63%
Armenia
61%
Albania
47%
Azerbaijan
47%
Andorra
45%
Algeria
41%
Angola
39%
Argentina
36%
Antigua and Barbuda
32%

Score Distribution

Percentile by Number Answered

Percent of People with Each Score

Your Score History

You have not taken this quiz